| 000 | 00663nam a22002055i 4500 | ||
|---|---|---|---|
| 001 | 176948 | ||
| 003 | ES-MaACL | ||
| 005 | 20240430133451.0 | ||
| 008 | 110221s1978 sp |||| | spa d | ||
| 020 | _a84-376-0135-5 | ||
| 080 | _a801:7.01 | ||
| 245 | 0 | 0 |
_aElementos para una semiótica del texto artístico _b: (poesía, narrativa, teatro, cine) / _cJenaro Talens ... [et al.]. |
| 260 |
_aMadrid : _bCátedra, _cD. L. 1978. |
||
| 300 |
_a238 p. ; _c21 cm. |
||
| 504 | _aBibliografía: p. 229-238. | ||
| 650 | 4 |
_aSemiótica y arte. _917042 |
|
| 700 |
_aTalens, Jenaro, _d1946- _9235316 |
||
| 852 |
_aES-MaACL _jE-14371 |
||
| 999 |
_c176948 _d176948 |
||